[Event "Tournoi Skype 009"]
[Site "Skype"]
[Date "????.??.??"]
[Round "5.7"]
[White "Le Brun, Yves"]
[Black "Peignien, Laurent"]
[Result "1-0"]
[WhiteElo "1608"]
[BlackElo "1682"]
[PlyCount "35"]

1. Nf3 Nf6 2. g3 g6 3. b3 Bg7 4. Bg2 O-O 5. Bb2 d6 6. O-O c5 7. c4 Nc6 8. Qc2
Qc7 9. a3 Rb8 10. d3 b5 11. Nbd2 a6 12. Rfd1 e5 13. Ng5 Bb7 14. e3 Rfd8 15. d4
cxd4 16. exd4 Nd7 17. cxb5 axb5 18. d5 1-0

[Event "Tournoi Skype 009"]
[Site "Skype"]
[Date "????.??.??"]
[Round "5.8"]
[White "Belouin, Bruno"]
[Black "De Leener, Luc"]
[Result "1-0"]
[WhiteElo "1456"]
[BlackElo "1662"]
[PlyCount "43"]

1. e4 c5 2. Nc3 Nc6 3. Nf3 d6 4. Bc4 e6 5. d3 a6 6. O-O Nf6 7. a3 Be7 8. Be3
O-O 9. Qe2 d5 10. exd5 exd5 11. Nxd5 Nxd5 12. Rfd1 Nxe3 13. Qxe3 Nd4 14. Rac1
Nxf3+ 15. Qxf3 Bf6 16. c3 Qb6 17. Rc2 Bd7 18. b3 Qc7 19. d4 cxd4 20. cxd4 b5
21. Bxf7+ Rxf7 22. Rxc7 1-0

[Event "Tournoi Skype 009"]
[Site "Skype"]
[Date "????.??.??"]
[Round "5.9"]
[White "De Coninck, Philippe"]
[Black "Fouquereau, Andre"]
[Result "0-1"]
[WhiteElo "1535"]
[BlackElo "1496"]
[PlyCount "54"]

1. e4 e5 2. Nf3 d6 3. Nc3 Nf6 4. d4 exd4 5. Nxd4 c6 6. Bc4 Bg4 7. f3 Bh5 8. Bg5
Nbd7 9. g4 Bg6 10. Bd3 Ne5 11. f4 Nxd3+ 12. Qxd3 Be7 13. Bxf6 Bxf6 14. f5 Qe7
15. fxg6 hxg6 16. O-O-O O-O-O 17. Rde1 Qe5 18. Nf3 Qf4+ 19. Qe3 Qxg4 20. Rhg1
Qd7 21. Qxa7 Kc7 22. Qe3 Rh3 23. Rg3 Rh5 24. e5 dxe5 25. Nxe5 Rxe5 26. Ne4 Bh4
27. Nc5 Rxe3 0-1

[Event "Tournoi Skype 009"]
[Site "Skype"]
[Date "????.??.??"]
[Round "5.10"]
[White "Legueltel, Daniel"]
[Black "Engstrom, Olle"]
[Result "1-0"]
[WhiteElo "1728"]
[BlackElo "1593"]
[PlyCount "67"]

1. d4 Nf6 2. c4 c5 3. d5 e6 4. Nc3 exd5 5. cxd5 d6 6. e4 g6 7. Nf3 Bg7 8. Bd3
a6 9. a4 O-O 10. O-O Nbd7 11. Bf4 Qc7 12. Qd2 Re8 13. Rfe1 Nh5 14. Bh6 Bh8 15.
h3 Ne5 16. Nxe5 Bxe5 17. g4 Nf6 18. Bf4 Qe7 19. Bxe5 Qxe5 20. Re3 Bd7 21. a5 h5
22. f4 Qxf4 23. Rf1 Qg5 24. Qf2 Nxg4 25. hxg4 Bxg4 26. Qxf7+ Kh8 27. Qf6+ Qxf6
28. Rxf6 Bf5 29. Rxd6 Re5 30. Rb6 g5 31. Rf3 Bh7 32. Rxb7 g4 33. Rff7 Bg8 34.
Rf6 1-0

[Event "Tournoi Skype 009"]
[Site "Skype"]
[Date "????.??.??"]
[Round "5.11"]
[White "Casey, Eamonn"]
[Black "Murgia, Stefano"]
[Result "0-1"]
[WhiteElo "1399"]
[BlackElo "1718"]
[PlyCount "46"]

1. d4 f5 2. c4 Nf6 3. Nc3 g6 4. Nf3 Bg7 5. Bg5 d6 6. e3 c6 7. Be2 Ne4 8. Nxe4
fxe4 9. Nd2 Qa5 10. Bf4 Bf5 11. O-O Nd7 12. a3 e5 13. b4 Qc7 14. dxe5 Nxe5 15.
Bxe5 Bxe5 16. Rb1 d5 17. g3 O-O 18. cxd5 cxd5 19. Nb3 Rad8 20. Nd4 Bh3 21. Re1
Qf7 22. f4 exf3 23. Bxf3 Bxd4 0-1

[Event "Tournoi Skype 009"]
[Site "Skype"]
[Date "????.??.??"]
[Round "5.12"]
[White "Dubois, Real"]
[Black "Trivedi, Viral"]
[Result "0-1"]
[WhiteElo "1534"]
[BlackElo "1464"]
[PlyCount "62"]

1. d4 e5 2. c3 exd4 3. cxd4 d5 4. Nf3 h6 5. e3 c6 6. Bd3 Nf6 7. Bd2 Bd6 8. Qc2
Bg4 9. Be2 O-O 10. O-O Bh5 11. h3 Nbd7 12. Bc3 Ne4 13. Nh2 Bxe2 14. Qxe2 Bxh2+
15. Kxh2 Ndf6 16. Bb4 Re8 17. Nd2 a5 18. Bc3 Nxc3 19. bxc3 Qd6+ 20. Kg1 Re6 21.
a3 b5 22. Nb3 Ne4 23. Rfc1 a4 24. Nd2 Ng5 25. Kh1 Rg6 26. f4 Qf6 27. fxg5 Qxg5
28. Nf3 Qg3 29. Rf1 Re8 30. Rae1 Rxe3 31. Qxe3 Qxg2# 0-1

[Event "Tournoi Skype 009"]
[Site "Skype"]
[Date "????.??.??"]
[Round "5.13"]
[White "Loyarte, Frederic"]
[Black "Meaney, Mike"]
[Result "0-1"]
[WhiteElo "1473"]
[BlackElo "1399"]
[PlyCount "64"]

1. e4 e5 2. Nf3 Nc6 3. Bc4 Be7 4. c3 Nf6 5. Qc2 O-O 6. d3 d6 7. O-O Bg4 8. Nbd2
d5 9. Bb5 dxe4 10. dxe4 Bd6 11. h3 Bh5 12. Qd3 Bg6 13. Bxc6 bxc6 14. Re1 Qe7
15. Nc4 Rad8 16. Nxd6 Rxd6 17. Qe2 Bxe4 18. Bg5 Bxf3 19. gxf3 Re8 20. Bxf6 Rxf6
21. Kh2 Qe6 22. b3 Rh6 23. Qf1 Qf5 24. Re3 Qf4+ 25. Kh1 Ree6 26. Rd3 Rd6 27.
Rad1 Qf5 28. f4 Qe4+ 29. Kg1 Rhg6+ 30. Rg3 exf4 31. Rg4 h5 32. Rg2 Rxd1 0-1

[Event "Tournoi Skype 009"]
[Site "Skype"]
[Date "????.??.??"]
[Round "5.14"]
[White "Galani, Mahendra"]
[Black "Bourdeau, Yvan"]
[Result "0-1"]
[WhiteElo "1399"]
[BlackElo "1662"]
[PlyCount "102"]

1. e4 c5 2. c4 d6 3. h3 Nc6 4. Nf3 g6 5. Nc3 e6 6. d4 cxd4 7. Nxd4 Bg7 8. Nf3
Nge7 9. Rb1 a6 10. Be2 O-O 11. O-O f5 12. Bg5 b6 13. exf5 Rxf5 14. Ne4 d5 15.
Ng3 Rf8 16. cxd5 exd5 17. Qb3 Kh8 18. Nh2 h6 19. Bd2 Bb7 20. Nf3 Rc8 21. Nh4
Nd4 22. Qd3 Nxe2+ 23. Qxe2 Rc2 24. Qd3 Rc6 25. b4 Qd6 26. Ne2 Rc4 27. a3 Rxh4
28. Bc1 Rc4 29. Bb2 Bxb2 30. Rxb2 Nf5 31. Ng3 Qe5 32. Re2 Qd4 33. Qf3 Rc3 34.
Nxf5 Rxf5 35. Qg4 Qxg4 36. hxg4 Rf7 37. Re8+ Kg7 38. f4 Rc8 39. Re6 b5 40. f5
gxf5 41. gxf5 Rcf8 42. Rg6+ Kh7 43. g4 d4 44. Rd1 Rd8 45. Kh2 Rg7 46. Rxg7+
Kxg7 47. Kg3 Kf6 48. Kh4 d3 49. Kh5 Bf3 50. Rd2 Be2 51. Kxh6 Rh8# 0-1

[Event "Tournoi Skype 009"]
[Site "Skype"]
[Date "????.??.??"]
[Round "5.15"]
[White "Grasset, Xavier"]
[Black "Janssen, Gerard"]
[Result "0-1"]
[WhiteElo "1399"]
[BlackElo "1647"]
[PlyCount "102"]

1. Nc3 Nf6 2. d4 d5 3. f3 e6 4. e4 dxe4 5. fxe4 c5 6. Nf3 Nc6 7. dxc5 Qxd1+ 8.
Kxd1 Bxc5 9. e5 Ng4 10. Ke2 Ncxe5 11. Ne4 Be7 12. h3 Nxf3 13. gxf3 Nf6 14. Bg5
Nxe4 15. Bxe7 Ng3+ 16. Ke3 Kxe7 17. Rg1 Nxf1+ 18. Rgxf1 f5 19. f4 Bd7 20. Rad1
Bc6 21. c4 g6 22. b4 a6 23. a4 Bxa4 24. Ra1 Bc6 25. Rfd1 Rad8 26. Rd3 Rxd3+ 27.
Kxd3 Rd8+ 28. Kc3 Be4 29. b5 axb5 30. cxb5 Rd3+ 31. Kb4 Rxh3 32. Ra7 Rh4 33.
Kc5 Rxf4 34. Kb6 Bd5 35. Kc7 Rb4 36. b6 h5 37. Ra8 h4 38. Rg8 Kf6 39. Rd8 h3
40. Rh8 Bg2 41. Rh6 e5 42. Rh7 g5 43. Rh6+ Kg7 44. Re6 h2 45. Rxe5 Kf6 46. Re2
h1=Q 47. Rxg2 Qxg2 48. Kb8 Qc6 49. Ka8 Qxb6 50. Kb8 Rc4 51. Ka8 Rc8# 0-1

[Event "Tournoi Skype 009"]
[Site "Skype"]
[Date "????.??.??"]
[Round "5.16"]
[White "Mordaa, Ahmad"]
[Black "Duthoit, Bernard"]
[Result "0-1"]
[WhiteElo "1399"]
[BlackElo "1602"]
[PlyCount "90"]

1. e4 e6 2. d3 d5 3. Nd2 dxe4 4. dxe4 Nc6 5. Ngf3 b6 6. g3 Bb7 7. Bg2 Nf6 8.
O-O Be7 9. c3 O-O 10. Re1 Nd7 11. b4 Nce5 12. Nxe5 Nxe5 13. Qc2 c5 14. Rd1 Qc7
15. bxc5 Bxc5 16. Nb3 Bb4 17. Be3 Qxc3 18. Qxc3 Bxc3 19. Rac1 Bb4 20. Rc7 Rab8
21. Bf4 Ng6 22. Rdd7 Nxf4 23. gxf4 Bc8 24. Rd4 a5 25. Nd2 Bxd2 26. Rxd2 Ba6 27.
Bf1 Bxf1 28. Kxf1 Rfc8 29. Rdd7 Rxc7 30. Rxc7 b5 31. Ke2 g6 32. Kd3 Rb6 33. Rc5
Rd6+ 34. Kc2 Rd4 35. f3 Ra4 36. Rxb5 Rxa2+ 37. Rb2 Rxb2+ 38. Kxb2 Kg7 39. Ka3
Kh6 40. Ka4 Kh5 41. Kxa5 Kh4 42. Kb4 Kh3 43. Kc3 Kxh2 44. Kd3 Kg3 45. Ke3 h5
0-1

[Event "Tournoi Skype 009"]
[Site "Skype"]
[Date "????.??.??"]
[Round "5.17"]
[White "Malbec, Robert"]
[Black "Belouin, Alexis"]
[Result "1-0"]
[WhiteElo "1487"]
[BlackElo "1399"]
[PlyCount "95"]

1. e4 Nf6 2. e5 Ne4 3. d3 Nc5 4. d4 Ne6 5. Nf3 d5 6. Be3 c6 7. c4 Nc7 8. Bd3 e6
9. O-O Be7 10. Nbd2 Nba6 11. a3 c5 12. h3 Qd7 13. Qc2 cxd4 14. Bxd4 Bc5 15. Nb3
b6 16. Rad1 Bb7 17. Qe2 Qa4 18. Qc2 Rd8 19. Ng5 dxc4 20. Qxc4 Qc6 21. Be4 b5
22. Qc2 Nd5 23. Bxc5 Nxc5 24. Nxc5 Rc8 25. b4 Rc7 26. Nxh7 f5 27. Nf6+ gxf6 28.
Bxd5 exd5 29. Qxf5 fxe5 30. Qxe5+ Re7 31. Qxh8+ Kf7 32. Rfe1 d4 33. Nxb7 Qxb7
34. Rxe7+ Qxe7 35. Qh7+ Kf6 36. Qxe7+ Kxe7 37. Rxd4 Ke6 38. Rf4 Ke5 39. g3 Ke6
40. h4 Ke5 41. h5 Ke6 42. h6 Ke5 43. h7 Ke6 44. h8=Q Kd5 45. Qh5+ Kc6 46. Rf6+
Kb7 47. Qh7+ Ka8 48. Rf8# 1-0

[Event "Tournoi Skype 009"]
[Site "Skype"]
[Date "????.??.??"]
[Round "5.18"]
[White "Steenkamp, Brandt"]
[Black "Saidi, Bhen"]
[Result "1-0"]
[WhiteElo "1399"]
[BlackElo "1467"]
[PlyCount "41"]

1. Nf3 d6 2. Nc3 c6 3. Ng5 h6 4. Nge4 e5 5. e3 Bf5 6. Ng3 Bh7 7. Bd3 g6 8. O-O
Bg7 9. f4 Ne7 10. fxe5 dxe5 11. Nge4 O-O 12. Bc4 Nd7 13. Nd6 Nf6 14. Nxb7 Qc7
15. Nc5 a5 16. N3e4 Ned5 17. Bxd5 cxd5 18. Nxf6+ Bxf6 19. Rxf6 Qxc5 20. d4 e4
21. dxc5 1-0

[Event "Tournoi Skype 009"]
[Site "Skype"]
[Date "????.??.??"]
[Round "5.19"]
[White "Antonic, Nenad"]
[Black "Ryan, Lea"]
[Result "1-0"]
[WhiteElo "1466"]
[BlackElo "1399"]
[PlyCount "63"]

1. d4 d5 2. Nf3 c6 3. e3 Nf6 4. Bd3 g6 5. Nbd2 Bg7 6. c3 Nbd7 7. e4 dxe4 8.
Nxe4 O-O 9. Nxf6+ Bxf6 10. Bh6 Re8 11. Qc2 e5 12. Nd2 exd4+ 13. Be2 Qe7 14. Nb1
dxc3 15. Nxc3 Nc5 16. O-O Bf5 17. Qd1 Rad8 18. Qe1 Bd3 19. Rd1 Bxe2 20. Nxe2
Qxe2 21. Rxd8 Bxd8 22. Qc3 f6 23. Qxc5 Bb6 24. Qd6 Qe7 25. Qd2 g5 26. h4 g4 27.
Qf4 Kf7 28. Qxg4 Bxf2+ 29. Rxf2 Qe1+ 30. Rf1 Rg8 31. Qxg8+ Kxg8 32. Rxe1 1-0

[Event "Tournoi Skype 009"]
[Site "Skype"]
[Date "????.??.??"]
[Round "5.20"]
[White "Briere, Jean"]
[Black "Hague, Mark"]
[Result "1-0"]
[WhiteElo "1457"]
[BlackElo "1389"]
[PlyCount "97"]

1. e4 c5 2. Nf3 d6 3. d4 cxd4 4. Nxd4 Nf6 5. Nc3 g6 6. Bb5+ Bd7 7. O-O a6 8.
Bxd7+ Nbxd7 9. Re1 Bg7 10. Bf4 O-O 11. e5 dxe5 12. Bxe5 Nxe5 13. Rxe5 Nh5 14.
Re4 Qb6 15. Nb3 Rad8 16. Qe2 e6 17. Qe3 Qc7 18. Nd4 Qc5 19. Nf3 Qf5 20. Qg5
Qxg5 21. Nxg5 Bxc3 22. bxc3 Rd2 23. Rc1 Rfd8 24. Ree1 Nf4 25. Kf1 Rc8 26. Ne4
Rd5 27. Nf6+ Kg7 28. Nxd5 exd5 29. Re3 Rc4 30. g3 Ne6 31. Rb1 b5 32. a3 Ra4 33.
Ra1 Kf6 34. f4 h5 35. Re5 Nc7 36. h4 Rc4 37. Re3 Ra4 38. Kf2 Rc4 39. Kf3 Ra4
40. Rd3 Ra5 41. Rd4 Kf5 42. a4 Kf6 43. Ke3 Ke6 44. Kf3 Kf6 45. g4 hxg4+ 46.
Kxg4 Ke6 47. Kg5 bxa4 48. Raxa4 Rxa4 49. Rxa4 1-0

[Event "Tournoi Skype 009"]
[Site "Skype"]
[Date "????.??.??"]
[Round "5.21"]
[White "Chaignet, Lucas"]
[Black "Capdeville, Jean"]
[Result "1-0"]
[WhiteElo "1373"]
[BlackElo "1440"]
[PlyCount "101"]

1. e4 e5 2. Nf3 d6 3. d4 Nd7 4. Bc4 Be7 5. Nc3 Ngf6 6. Be3 c6 7. Qd2 h6 8.
O-O-O O-O 9. dxe5 Nxe5 10. Nxe5 dxe5 11. Qxd8 Rxd8 12. Rxd8+ Bxd8 13. Rd1 Be7
14. a4 a6 15. f3 b5 16. axb5 axb5 17. Bb3 Ra1+ 18. Kd2 Rxd1+ 19. Kxd1 Ba6 20.
Kd2 Kf8 21. Bf2 c5 22. Nd5 Nxd5 23. Bxd5 Bd6 24. b3 Ke7 25. c4 bxc4 26. bxc4 g5
27. h4 f6 28. hxg5 hxg5 29. Kc3 f5 30. exf5 Kf6 31. g4 Bc8 32. Bc6 Ke7 33. Be3
Kf6 34. Kb3 Ba6 35. Bd5 Bc8 36. Ka4 Bd7+ 37. Ka5 Bc7+ 38. Ka6 Ba4 39. Bxc5 Bd1
40. Bb6 Bxb6 41. Kxb6 Ke7 42. Kc7 Be2 43. c5 Bb5 44. c6 Be2 45. Kb7 Bb5 46. c7
Bd7 47. Be6 Bxe6 48. fxe6 Kxe6 49. c8=Q+ Kd5 50. Qc6+ Kd4 51. Qe4+ 1-0

[Event "Tournoi Skype 009"]
[Site "Skype"]
[Date "????.??.??"]
[Round "5.23"]
[White "Vincent, Andre"]
[Black "Raheja, Shiv"]
[Result "1-0"]
[WhiteElo "1413"]
[BlackElo "1344"]
[PlyCount "67"]

1. d4 e6 2. c4 Nc6 3. Nf3 Nf6 4. a3 Be7 5. Nc3 d6 6. e4 d5 7. e5 Nd7 8. cxd5
exd5 9. Nxd5 Nf8 10. Bc4 Ne6 11. O-O a6 12. b4 b5 13. Bb3 O-O 14. Be3 Bb7 15.
Rc1 Na7 16. Nxe7+ Qxe7 17. d5 Rad8 18. Bxa7 Nf4 19. Bc5 Qd7 20. Bxf8 Qg4 21. g3
Kxf8 22. Rxc7 Ba8 23. Re1 Nh3+ 24. Kf1 h5 25. Ng1 Qxd1 26. Rxd1 Ng5 27. h4 Ne4
28. Nf3 g6 29. Ng5 Nxg5 30. hxg5 Re8 31. f4 Kg8 32. d6 Rf8 33. d7 Rd8 34. Rc8
1-0

[Event "Tournoi Skype 009"]
[Site "Skype"]
[Date "????.??.??"]
[Round "5.24"]
[White "Khatanhar, Mohit"]
[Black "Porcabeuf, Jean-Marc"]
[Result "1-0"]
[WhiteElo "1450"]
[BlackElo "1302"]
[PlyCount "57"]

1. e4 e6 2. d4 d5 3. e5 c5 4. c3 Ne7 5. Nf3 Ng6 6. Be2 Nc6 7. Be3 h6 8. Nbd2
Be7 9. Nf1 O-O 10. Ng3 b6 11. O-O Bb7 12. Nh5 Qc7 13. Qd2 Kh7 14. Bd3 Rh8 15.
Ne1 Raf8 16. f4 Bh4 17. f5 exf5 18. Rxf5 Nce7 19. Rf4 Kg8 20. Rf3 Bg5 21. Nc2
Nh4 22. Rg3 Nhf5 23. Rf3 Bxe3+ 24. Nxe3 Nh4 25. Rg3 Neg6 26. Rf1 Qe7 27. Nf5
Nxf5 28. Bxf5 Nh4 29. Rxg7# 1-0

[Event "Tournoi Skype 009"]
[Site "Skype"]
[Date "????.??.??"]
[Round "5.25"]
[White "Gharbi, Said"]
[Black "Bucherie, Volcy"]
[Result "1-0"]
[WhiteElo "1406"]
[BlackElo "1210"]
[PlyCount "71"]

1. e4 c6 2. d4 d5 3. Nc3 Nf6 4. e5 Ng4 5. Be2 Bf5 6. Bxg4 Bxg4 7. Qxg4 e6 8.
Bg5 Qb6 9. b3 Bb4 10. Bd2 Nd7 11. Qxg7 Rf8 12. Nf3 c5 13. dxc5 Qxc5 14. O-O
O-O-O 15. Na4 Qb5 16. Nd4 Rg8 17. Qxg8 Rxg8 18. Nxb5 Bxd2 19. Nxa7+ Kc7 20.
Nb5+ Kc6 21. Nd6 Nxe5 22. Rad1 Bb4 23. f4 Bxd6 24. fxe5 Bxe5 25. Rxf7 b5 26.
Re7 bxa4 27. Rxe6+ Bd6 28. b4 Kd7 29. Rh6 Bxb4 30. Rxd5+ Ke8 31. Rb5 Bd2 32.
Rxh7 Be3+ 33. Kh1 Bf4 34. Ra5 Bb8 35. Ra8 Kd8 36. Rxb8# 1-0

[Event "Tournoi Skype 009"]
[Site "Skype"]
[Date "????.??.??"]
[Round "5.26"]
[White "Grover, Lovely"]
[Black "Dupere, Francois"]
[Result "0-1"]
[WhiteElo "1399"]
[BlackElo "1180"]
[PlyCount "54"]

1. e4 d5 2. exd5 Qxd5 3. Nc3 Qa5 4. d3 Nf6 5. h3 e5 6. Bd2 c6 7. a3 Bc5 8. Na2
Qb6 9. Qf3 Qxb2 10. Bc3 Qxa3 11. Bxe5 Qa5+ 12. Bc3 Qb6 13. Qe2+ Be6 14. d4 Bxd4
15. Bxd4 Qxd4 16. Rb1 b5 17. Rb4 Qa1+ 18. Kd2 Qxa2 19. Qe5 O-O 20. Nf3 Rd8+ 21.
Kc3 Qa3+ 22. Rb3 Bxb3 23. cxb3 Nd5+ 24. Kc2 Qa2+ 25. Kc1 Qxf2 26. Nd2 Nb4 27.
Ne4 Qc2# 0-1

[Event "Tournoi Skype 009"]
[Site "Skype"]
[Date "????.??.??"]
[Round "5.27"]
[White "Rival, Jocelyn"]
[Black "Coruble, Didier"]
[Result "0-1"]
[WhiteElo "1156"]
[BlackElo "1398"]
[PlyCount "56"]

1. e4 Nf6 2. Nf3 d6 3. Bb5+ c6 4. Ba4 Bg4 5. c3 e5 6. O-O Be7 7. d3 O-O 8. Bg5
Nbd7 9. Re1 Qb6 10. Bb3 a5 11. d4 a4 12. Nbd2 axb3 13. Nxb3 Rfe8 14. Rc1 exd4
15. Nbxd4 Qxb2 16. Rc2 Qb6 17. e5 Nd5 18. c4 Nb4 19. Rc3 Bxg5 20. Qb3 Bxf3 21.
a3 Bd2 22. Nxf3 Bxc3 23. Qxc3 Na6 24. exd6 Rxe1+ 25. Nxe1 Re8 26. Nf3 Qb1+ 27.
Qe1 Rxe1+ 28. Nxe1 Qxe1# 0-1

[Event "Tournoi Skype 009"]
[Site "Skype"]
[Date "????.??.??"]
[Round "5.28"]
[White "Gerbaux, Regis"]
[Black "Coude, Josue"]
[Result "1-0"]
[WhiteElo "1337"]
[BlackElo "1178"]
[PlyCount "127"]

1. e4 e5 2. Nf3 Nc6 3. Bc4 Bc5 4. c3 d6 5. d4 Bb6 6. d5 Nce7 7. O-O Nf6 8. Bd3
Bg4 9. Nbd2 O-O 10. h3 Bh5 11. Be2 h6 12. Nh4 Bxe2 13. Qxe2 Qd7 14. c4 Bd4 15.
Nb3 Bb6 16. Qf3 a6 17. Re1 Rfe8 18. Qg3 g5 19. Bxg5 hxg5 20. Qxg5+ Ng6 21. Qxf6
Nxh4 22. Qxh4 Rf8 23. Rf1 c5 24. f4 f5 25. Rf3 fxe4 26. Rg3+ Kf7 27. Qh7+ Ke8
28. Qxe4 Rxf4 29. Qg6+ Kd8 30. Qg8+ Qe8 31. Qxe8+ Kxe8 32. Rg8+ Rf8 33. Rg7 Rb8
34. Rg6 Bc7 35. Re6+ Kd7 36. Nd2 b5 37. b3 bxc4 38. Nxc4 Rb4 39. Rf1 Rxf1+ 40.
Kxf1 Rb8 41. g4 Rf8+ 42. Kg2 Rf4 43. Kg3 Rf1 44. h4 Rg1+ 45. Kh3 Rh1+ 46. Kg3
Rg1+ 47. Kf3 Rh1 48. h5 Rf1+ 49. Kg3 Rg1+ 50. Kh3 Rh1+ 51. Kg3 Rg1+ 52. Kh3
Rh1+ 53. Kg2 Rh4 54. Kg3 Rh1 55. Rg6 Rg1+ 56. Kh2 Rf1 57. h6 Rf8 58. Rg7+ Ke8
59. h7 Rh8 60. g5 Kf8 61. Rxc7 e4 62. g6 Rg8 63. Rf7+ Ke8 64. hxg8=Q# 1-0

[Event "Tournoi Skype 009"]
[Site "Skype"]
[Date "????.??.??"]
[Round "5.29"]
[White "Vervoort, Jean-Louis"]
[Black "Rondeau, Anne-Frederique"]
[Result "1-0"]
[WhiteElo "1290"]
[BlackElo "1044"]
[PlyCount "35"]

1. e4 c5 2. c3 Nc6 3. Nf3 d6 4. d4 cxd4 5. cxd4 Nf6 6. Nc3 g6 7. Bc4 Bg7 8. Ng5
O-O 9. O-O e6 10. Nf3 Re8 11. d5 exd5 12. exd5 Ne5 13. Bb3 Nxf3+ 14. Qxf3 Bg4
15. Qg3 Qd7 16. Bg5 Qb5 17. Nxb5 Nxd5 18. Bxd5 1-0

[Event "Tournoi Skype 009"]
[Site "Skype"]
[Date "????.??.??"]
[Round "5.30"]
[White "Gagnon, Sindy"]
[Black "Gabriele, Noel"]
[Result "0-1"]
[WhiteElo "1029"]
[BlackElo "1273"]
[PlyCount "70"]

1. e4 e5 2. Nc3 Nf6 3. Bc4 Nc6 4. Nf3 Bc5 5. O-O d6 6. b3 Bg4 7. h3 Bxf3 8.
Qxf3 Nb4 9. Bb2 Nxc2 10. Rac1 Nd4 11. Qd1 Qd7 12. Nd5 Qc6 13. Rc3 Nxd5 14. exd5
Qd7 15. Re1 O-O-O 16. a4 Rde8 17. Bb5 c6 18. dxc6 bxc6 19. Ba6+ Kb8 20. b4 Bxb4
21. Rc4 c5 22. a5 Bxa5 23. Qa1 Bb6 24. d3 Qc6 25. g3 Nf3+ 26. Kf1 Nxe1 27. Qxe1
Qd5 28. Rg4 g6 29. f4 f6 30. fxe5 fxe5 31. d4 cxd4 32. Qf2 Rhf8 33. Rf4 exf4
34. gxf4 Qh1+ 35. Qg1 Rxf4# 0-1

[Event "Tournoi Skype 009"]
[Site "Skype"]
[Date "????.??.??"]
[Round "5.31"]
[White "Tamditi, Ibrahim"]
[Black "Baker, Abi"]
[Result "1-0"]
[WhiteElo "1225"]
[BlackElo "1000"]
[PlyCount "51"]

1. e4 e6 2. e5 Nc6 3. Nf3 Bb4 4. a3 Ba5 5. b4 Bb6 6. Bb5 Nge7 7. O-O O-O 8. Nc3
d6 9. d4 dxe5 10. dxe5 Nd5 11. Bg5 Qe8 12. Ne4 f5 13. exf6 Qg6 14. Re1 e5 15.
Qxd5+ Kh8 16. c4 Bf5 17. fxg7+ Kxg7 18. Bf6+ Rxf6 19. Nxf6 Kxf6 20. c5 a6 21.
Bxc6 bxc6 22. Qxc6+ Kf7 23. Nxe5+ Kg7 24. Nxg6 hxg6 25. Re7+ Kg8 26. Qxa8+ 1-0

[Event "Tournoi Skype 009"]
[Site "Skype"]
[Date "????.??.??"]
[Round "5.32"]
[White "Marty, Yvette"]
[Black "Lequeux, Pierre"]
[Result "0-1"]
[WhiteElo "1000"]
[BlackElo "1399"]
[PlyCount "69"]

1. e4 e5 2. Nf3 d6 3. Nc3 Nf6 4. Ng5 h6 5. Nf3 a6 6. d3 Nh7 7. h3 g5 8. h4 Bg4
9. Be2 Bxf3 10. Bxf3 gxh4 11. g3 hxg3 12. fxg3 Nc6 13. Be3 Qd7 14. Qe2 Nd4 15.
Bxd4 exd4 16. Nd5 c6 17. Bg4 Qd8 18. Nf4 Nf6 19. Qf3 Rg8 20. O-O-O Nxg4 21. Ne2
Ne5 22. Qh5 Rg5 23. c3 Rxh5 24. Rxh5 dxc3 25. Nxc3 Qf6 26. Rhh1 Qg5+ 27. Kc2
Qxg3 28. Kb3 d5 29. a4 dxe4 30. Rhg1 Qh3 31. Nxe4 f5 32. Nc3 b5 33. a5 f4 34.
Rgf1 Qe6+ 35. Kc2 0-1

[Event "Tournoi Skype 009"]
[Site "Skype"]
[Date "????.??.??"]
[Round "5.33"]
[White "Martin, Elise"]
[Black "Armingaud, Jean-Claude"]
[Result "*"]
[WhiteElo "1260"]
[BlackElo "1246"]
[PlyCount "29"]

1. d4 d5 2. c4 Nf6 3. Nc3 e6 4. Nf3 Bb4 5. Bg5 dxc4 6. e4 h6 7. Bh4 O-O 8. Bxc4
Bxc3+ 9. bxc3 Qd6 10. e5 Qe7 11. exf6 gxf6 12. Qd2 Nc6 13. Qxh6 Bd7 14. Bd3 Na5
15. Qh7# *

[Event "Tournoi Skype 009"]
[Site "Skype"]
[Date "????.??.??"]
[Round "6.1"]
[White "Hilton, Stephen"]
[Black "Deville, Olivier"]
[Result "1/2-1/2"]
[WhiteElo "1918"]
[BlackElo "1931"]
[PlyCount "107"]

1. d4 Nf6 2. c4 e6 3. Nc3 Bb4 4. Qc2 c5 5. dxc5 O-O 6. Nf3 Na6 7. a3 Bxc3+ 8.
Qxc3 Nxc5 9. b4 Nce4 10. Qc2 b6 11. e3 Bb7 12. Bd3 Rc8 13. Bb2 d5 14. Bxf6 Qxf6
15. O-O Ng5 16. Nxg5 Qxg5 17. Bxh7+ Kh8 18. f4 Qg4 19. Bd3 dxc4 20. Be4 Bxe4
21. Qxe4 Rc7 22. Rf3 Qf5 23. Qd4 Qf6 24. Qxf6 gxf6 25. e4 Rd8 26. Rc1 b5 27.
Rcc3 Rd1+ 28. Kf2 Rd2+ 29. Kg3 Rc8 30. Rf2 Rg8+ 31. Kf3 Rgd8 32. Rxd2 Rxd2 33.
h4 Rb2 34. Re3 Rb3 35. Ke2 c3 36. Rd3 c2 37. Rd8+ Kg7 38. Rc8 Rxa3 39. Rxc2 Rb3
40. Ra2 Rxb4 41. Rxa7 Rxe4+ 42. Kf3 Rc4 43. g4 e5 44. fxe5 fxe5 45. Rb7 b4 46.
h5 Rf4+ 47. Kg3 Kf6 48. Kh4 Rd4 49. Rb6+ Kg7 50. Kg5 f6+ 51. Kh4 f5 52. Kg5
fxg4 53. Rb7+ Kf8 54. h6 1/2-1/2

[Event "Tournoi Skype 009"]
[Site "Skype"]
[Date "????.??.??"]
[Round "6.2"]
[White "Jacquelin, Norbert"]
[Black "Ayotte, Jocelyn"]
[Result "0-1"]
[WhiteElo "1816"]
[BlackElo "2046"]
[PlyCount "62"]

1. e4 d6 2. d4 g6 3. Nf3 Bg7 4. Be2 Nd7 5. c4 e5 6. Be3 Ne7 7. Nc3 O-O 8. O-O
f5 9. dxe5 dxe5 10. Bg5 h6 11. Bxe7 Qxe7 12. Qd5+ Kh7 13. exf5 gxf5 14. Rfe1 e4
15. Nd2 c6 16. Qa5 Bd4 17. Nb3 Bb6 18. Qa3 Qg7 19. Nd2 Rg8 20. Bf1 Ne5 21.
Ncxe4 fxe4 22. Rxe4 Bf5 23. Rf4 Raf8 24. Rxf5 Rxf5 25. c5 Bc7 26. Qc3 Kh8 27.
Re1 Ng4 28. Qxg7+ Rxg7 29. Re8+ Rg8 30. Re7 Bxh2+ 31. Kh1 Rh5 0-1

[Event "Tournoi Skype 009"]
[Site "Skype"]
[Date "????.??.??"]
[Round "6.3"]
[White "Auger, Bertrand"]
[Black "Sharma, Mayank"]
[Result "1-0"]
[WhiteElo "1985"]
[BlackElo "1633"]
[PlyCount "125"]

1. Nf3 Nf6 2. g3 e6 3. Bg2 d5 4. c4 c6 5. b3 Nbd7 6. Bb2 Bd6 7. O-O O-O 8. d4
Re8 9. Nc3 e5 10. cxd5 cxd5 11. Nb5 Bb8 12. dxe5 Nxe5 13. Nbd4 a6 14. Qc2 Nxf3+
15. Bxf3 Bh3 16. Rfd1 Be5 17. Rac1 Qd7 18. b4 Bxd4 19. Bxd4 Rac8 20. Qb2 Rxc1
21. Rxc1 Rc8 22. Rxc8+ Qxc8 23. Bxf6 gxf6 24. Bxd5 Qd7 25. Qd2 Qb5 26. Bg2 Bg4
27. Bf1 Qc6 28. h3 Be6 29. Bg2 Qc7 30. Kh2 b5 31. a3 Qc8 32. h4 Kg7 33. Be4 Qc7
34. Qc2 Qb6 35. e3 Bc4 36. Qd1 Qe6 37. Qf3 h6 38. Qf5 Qxf5 39. Bxf5 Be6 40. Be4
Bc8 41. Kg2 Kf8 42. Kf3 Ke7 43. Bd5 f5 44. Ke2 f6 45. Kd3 Kd7 46. Kd4 Kd6 47.
Bf3 Bd7 48. Bb7 Kc7 49. Bd5 Kd6 50. Bg2 Be6 51. Bh3 Bd7 52. e4 fxe4 53. Bxd7
Kxd7 54. Kxe4 Ke6 55. g4 Kf7 56. Kf5 Kg7 57. f4 Kf7 58. g5 fxg5 59. hxg5 hxg5
60. Kxg5 Kg7 61. Kf5 Kf7 62. Ke5 Ke7 63. Kd5 1-0

[Event "Tournoi Skype 009"]
[Site "Skype"]
[Date "????.??.??"]
[Round "6.4"]
[White "Lambert, Pierre"]
[Black "Belouin, Bruno"]
[Result "1-0"]
[WhiteElo "1862"]
[BlackElo "1456"]
[PlyCount "87"]

1. e4 e5 2. Nf3 d6 3. d4 Nd7 4. Bc4 f6 5. O-O c6 6. a4 Ne7 7. Nc3 Qc7 8. Qe2 h6
9. Be3 f5 10. Bb3 a5 11. Qc4 Nb6 12. Qf7+ Kd8 13. dxe5 d5 14. exd5 Nexd5 15.
Qxc7+ Kxc7 16. Nxd5+ Nxd5 17. Bxd5 cxd5 18. Rad1 Be6 19. Nd4 Re8 20. Nxe6+ Rxe6
21. Rxd5 g5 22. f4 g4 23. Rfd1 Rh7 24. Rxa5 Rc6 25. c3 Rd7 26. Rxd7+ Kxd7 27.
Rb5 Kc8 28. Bd4 Bg7 29. Rb6 Kc7 30. Rxc6+ bxc6 31. Kf2 h5 32. e6 Bxd4+ 33. cxd4
Kd6 34. a5 Kxe6 35. a6 Kd5 36. a7 c5 37. a8=Q+ Kxd4 38. Qe8 Kc4 39. Qe6+ Kb4
40. Ke3 c4 41. Kd2 Kb3 42. Qb6+ Ka2 43. Kc2 h4 44. Qa5# 1-0